[Event "Open"]
[Site "Erandio ESP"]
[Date "2005.12.20"]
[Round "6"]
[White "Trigo Urquijo,S"]
[Black "Martinez Pelaez,D"]
[Result "1-0"]
[WhiteElo "2078"]
[BlackElo "2001"]

1.e4 d5 2.exd5 Qxd5 3.Nc3 Qd8 4.d4 c6 5.Nf3 Bg4 6.Bc4 e6 7.Be3 Nf6 8.h3 Bh5
9.Qe2 Bb4 10.a3 Be7 11.g4 Bg6 12.Ne5 Qa5 13.O-O Nbd7 14.b4 Qc7 15.Bf4 Nxe5
16.Bxe5 Qd7 17.Rfe1 O-O 18.Bd3 Bxd3 19.Qxd3 a5 20.Na4 Qd8 21.b5 Nd7 22.Bg3 Nb6
23.Nxb6 Qxb6 24.bxc6 bxc6 25.Rab1 Qa6 26.Qc3 Rac8 27.Rb2 c5 28.d5 Bf6 29.Be5 exd5
30.Bxf6 gxf6 31.Reb1 d4 32.Qd2 Rc6 33.a4 Re8 34.Rb5 Qa7 35.Rb7 Qa8 36.R1b5 Rce6
37.Qxa5 Re1+ 38.Kh2 R1e2 39.Qxa8 Rxa8 40.Rxc5 Rxa4 41.Rc8+ Kg7 42.Rcc7 Kg6
43.Rxf7 Kg5 44.Kg3 f5 45.f4+  1-0

[Event "Czech Chess Christmas"]
[Site "Litomysl CZE"]
[Date "2005.12.30"]
[Round "6"]
[White "Biolek,R2"]
[Black "Gheorghe,C"]
[Result "1-0"]
[WhiteElo "2454"]
[BlackElo "2274"]

1.e4 d5 2.exd5 Qxd5 3.Nc3 Qd6 4.d4 c6 5.Nf3 Bg4 6.h3 Bxf3 7.Qxf3 Qxd4 8.Be3 Qd8
9.Bd3 Nd7 10.O-O-O Ngf6 11.g4 e6 12.g5 Nd5 13.Ne4 Qa5 14.Kb1 Nc5 15.Bxc5 Bxc5
16.c4 Nb4 17.a3 Nxd3 18.Qxd3 O-O 19.b4 Bxb4 20.axb4 Qxb4+ 21.Kc2 Qa5 22.Ra1 Qf5
23.Rhd1 b5 24.c5 a5 25.Kb3 a4+ 26.Kb4 Qe5 27.Qd4 Qc7 28.Ka3 b4+ 29.Qxb4 Rfb8
30.Qd4 Rb3+ 31.Ka2 Rab8 32.Rab1 Qa5 33.Qd2 Qa8 34.Qd6 h6 35.gxh6 Qb7 36.Qe5 f5
37.Nf6+ gxf6 38.Rg1+ Kh7 39.Qxf6  1-0

[Event "Masters"]
[Site "Hastings ENG"]
[Date "2005.12.31"]
[Round "4"]
[White "Kolas,T"]
[Black "Calvert,D"]
[Result "1/2-1/2"]
[WhiteElo "2160"]
[BlackElo "2073"]

1.e4 d5 2.exd5 Qxd5 3.Nc3 Qd6 4.d4 Nf6 5.Nf3 a6 6.Be2 Nbd7 7.O-O e6 8.Re1 Be7
9.Bd3 O-O 10.Qe2 c5 11.Ne4 Qc7 12.Bg5 Re8 13.dxc5 Nxc5 14.Nxc5 Qxc5 15.Ne5 h6
16.Bd2 b5 17.Qf3 Rb8 18.Qg3 Nh5 19.Qf3 Nf6 20.Qg3 Nh5  1/2-1/2

[Event "Czech Chess Christmas"]
[Site "Litomysl CZE"]
[Date "2006.01.01"]
[Round "9"]
[White "Zawadzki,S"]
[Black "Moldovan,D"]
[Result "1/2-1/2"]
[WhiteElo "2404"]
[BlackElo "2425"]

1.e4 d5 2.exd5 Qxd5 3.Nc3 Qd6 4.d4 c6 5.Bc4 Nf6 6.Bb3 Bf5 7.Nf3 e6 8.Ne2 Qc7
9.Bf4 Bd6 10.Bxd6 Qxd6 11.Ng3 Bg4 12.c3 Nbd7 13.h3 Bxf3 14.Qxf3 O-O 15.O-O  1/2-1/2

[Event "XXXV Rilton Cup"]
[Site "Stockholm SWE"]
[Date "2006.01.05"]
[Round "9"]
[White "Willemze,T"]
[Black "Papadopoulou,V"]
[Result "1/2-1/2"]
[WhiteElo "2363"]
[BlackElo "2220"]

1.e4 d5 2.exd5 Qxd5 3.Nc3 Qd6 4.d4 Nf6 5.Nge2 c6 6.Bf4 Qd8 7.g3 Bg4 8.Bg2 e6
9.O-O Bd6 10.Qd2 O-O 11.h3 Bxe2 12.Nxe2 Bxf4 13.Qxf4 Nbd7 14.c4 Qb6 15.Qd2 Rfd8
16.Rfd1 Ne5 17.Qc2 Ng6 18.a4 a5 19.Ra3 Rac8 20.Rb3 Qc7 21.Rbd3 h6 22.Qb3 Rd7
23.Qc3 Qb6 24.Nc1 Rcd8 25.Nb3 e5 26.dxe5 Rxd3 27.Rxd3 Rxd3 28.Qxd3 Nxe5 29.Qc3 Qd8
30.Qxe5 Qd1+ 31.Kh2 Qxb3 32.Qb8+ Kh7 33.Bxc6 Qxb2 34.Qxb7 Qxf2+ 35.Bg2 h5
36.Qb1+ g6 37.Qb7 Kg7 38.Qc7 h4 39.g4 Qd4 40.c5 Qxa4 41.g5 Ne8 42.Qe5+ Kf8
43.c6 Qa3 44.Qh8+ Ke7 45.Qxh4 Qd6+ 46.Kg1 Qd1+ 47.Bf1 Kd6 48.Qh8 Qe1 49.Qf8+ Qe7
50.Qxe7+ Kxe7 51.Bc4 Nd6 52.Bb3  1/2-1/2

[Event "Open"]
[Site "Verona ITA"]
[Date "2006.01.05"]
[Round "5"]
[White "Gallo,E"]
[Black "Scharrer,P"]
[Result "0-1"]
[WhiteElo "2113"]
[BlackElo "2210"]

1.e4 d5 2.exd5 Qxd5 3.Nc3 Qd6 4.Bc4 Nf6 5.d4 a6 6.Nge2 Qc6 7.Qd3 Qxg2 8.Rg1 Qc6
9.Bf4 Qd7 10.O-O-O b5 11.Bb3 Bb7 12.d5 g6 13.Nd4 c5 14.dxc6 Nxc6 15.Ne6 fxe6
16.Qe3 Nd5 17.Nxd5 exd5 18.Bxd5 Qf5 19.Rg5 Qf6 20.Re5 Bg7 21.Re1 Nxe5 22.Bxb7 Nc4  0-1

[Event "12th Open A"]
[Site "Bosnjaci CRO"]
[Date "2006.01.06"]
[Round "5"]
[White "Krstic,U"]
[Black "Martinovic,Sa"]
[Result "1/2-1/2"]
[WhiteElo "2350"]
[BlackElo "2182"]

1.e4 d5 2.exd5 Qxd5 3.Nc3 Qd6 4.Bc4 Nf6 5.d4 g6 6.Nge2 Bg7 7.Bf4 Qd8 8.O-O O-O
9.h3 a6 10.a4 Nc6 11.d5 Nb4 12.Bb3 Re8 13.Be5 e6 14.dxe6 Bxe6 15.Qxd8 Raxd8
16.Bxc7 Rd2 17.Bxe6 Rxe6 18.Rfd1 Rexe2 19.Nxe2 Rxe2 20.Kf1 Re8 21.c3  1/2-1/2

[Event "12th Open A"]
[Site "Bosnjaci CRO"]
[Date "2006.01.06"]
[Round "6"]
[White "Biti,O"]
[Black "Martinovic,Sa"]
[Result "1/2-1/2"]
[WhiteElo "2359"]
[BlackElo "2182"]

1.e4 d5 2.exd5 Qxd5 3.Nc3 Qd6 4.d4 g6 5.Nf3 Bg7 6.h3 Nf6 7.Bd3 O-O 8.O-O Nc6
9.Nb5 Qd8 10.c3 a6 11.Na3 b5 12.Nc2 Nd5 13.Bg5 Bb7 14.Qd2 Qd6 15.Bh6 Nd8
16.a4 Ne6 17.Bxg7 Kxg7 18.Rfe1 Nef4 19.Be4 f6 20.Ne3 e6 21.Nxd5  1/2-1/2

[Event "8th Hilton Schachfestival"]
[Site "Basel SUI"]
[Date "2006.01.07"]
[Round "7"]
[White "Sedina,E"]
[Black "Hernandez Penna,S"]
[Result "1-0"]
[WhiteElo "2371"]
[BlackElo "2158"]

1.e4 d5 2.exd5 Qxd5 3.Nc3 Qd6 4.d4 Nf6 5.Nf3 Bg4 6.h3 Bxf3 7.Qxf3 c6 8.Be3 Nbd7
9.Bc4 e6 10.O-O Nb6 11.Bb3 Be7 12.Ne4 Nxe4 13.Qxe4 Nd5 14.Bd2 Nf6 15.Qd3 Rd8
16.c3 O-O 17.Qf3 Qc7 18.Bf4 Qb6 19.Rad1 Rd7 20.Rfe1 Rfd8 21.Be3 Nd5 22.Bc1 Bf6
23.g3 Qc7 24.h4 b5 25.h5 c5 26.dxc5 Qxc5 27.h6 b4 28.cxb4 Qxb4 29.hxg7 Bxg7
30.Bd2 Qb8 31.Bg5 Re8 32.Ba4 Rdd8 33.Bxe8 Rxe8 34.b3 Rc8 35.Rc1 h6 36.Bf4 Qb7
37.Rxc8+ Qxc8 38.Be5 Bxe5 39.Rxe5 Qc2 40.Qe2 Qb1+ 41.Kg2 Qg6 42.Qc4 Kg7 43.Re1 Qg5
44.Qd4+ Kg8 45.Re4 h5 46.Qxa7  1-0

[Event "Open"]
[Site "Verona ITA"]
[Date "2006.01.07"]
[Round "7"]
[White "Rowson,J"]
[Black "Lazic,Mi"]
[Result "1-0"]
[WhiteElo "2599"]
[BlackElo "2472"]

1.e4 d5 2.exd5 Qxd5 3.Nc3 Qd6 4.d4 Nf6 5.Nf3 a6 6.g3 Bg4 7.Bg2 Nc6 8.O-O Rd8
9.Bf4 Qd7 10.d5 Nb4 11.Ne5 Bxd1 12.Nxd7 Rxd7 13.Rfxd1 c6 14.Bh3 e6 15.dxe6 Rxd1+
16.Rxd1 Bc5 17.Be5 fxe6 18.Bxf6 gxf6 19.Ne4 Be7 20.Bxe6 Nxc2 21.Rd7 b5 22.f4 c5
23.f5 Nd4 24.Nc3 Nxe6 25.fxe6 c4 26.Nd5  1-0

[Event "Open"]
[Site "Verona ITA"]
[Date "2006.01.07"]
[Round "7"]
[White "Calzetta,M"]
[Black "Scharrer,P"]
[Result "1-0"]
[WhiteElo "2307"]
[BlackElo "2210"]

1.e4 d5 2.exd5 Qxd5 3.Nc3 Qd6 4.d4 Nf6 5.Nf3 a6 6.Ne5 Nc6 7.Bf4 Nxd4 8.Bc4 Be6
9.Ng6 Qc5 10.Bxe6 hxg6 11.Bb3 Rd8 12.Qc1 e6 13.Qe3 Nxb3 14.axb3 Qxe3+ 15.Bxe3 Bd6
16.h3 Ng4 17.Bd2 Be5 18.Rd1 Nf6 19.Ke2 Nd5 20.Nxd5 Rxd5 21.c3 Ke7 22.Ra1 Bf6
23.Be3 Rhd8 24.b4 e5 25.f3 Ke6 26.h4 Rh8 27.g3 Be7 28.Rae1 Rh5 29.Bf2 Rh8
30.Be3 Rdd8 31.Ra1 Rh5 32.Bf2 Rdh8 33.Rhe1 R5h7 34.Ra5 Bd6 35.Kf1 Kd7 36.Rd1 Kc6
37.Rad5 b6 38.g4 Ra8 39.Be1 Rhh8 40.c4 Rhd8 41.Bg3 b5 42.Bxe5 f6 43.Bc3 bxc4
44.R5d4 Kb5 45.Rd5+ Kc6 46.R5d4 Kb5 47.Rd5+ Kb6 48.R1d4 Be7 49.Rxd8 Rxd8
50.Rxc4 Rd1+ 51.Ke2 Rd5 52.Re4 Rd7 53.f4 Bd8 54.Bd4+ Kc6 55.Bc5 f5 56.Re6+ Kb5
57.g5 a5 58.Rxg6 axb4 59.Bf8 c5 60.Rxg7 Rd4 61.Ke3 Re4+ 62.Kf3 c4 63.Rb7+ Bb6
64.Bxb4 Re3+ 65.Kf2 Rh3+ 66.Kg2 Rxh4 67.Bd2 Kc6 68.Rf7 Kd5 69.Rxf5+ Ke4 70.Re5+ Kd3
71.Rd5+ Kc2 72.Kg3 Rh1 73.Bc3 Be3 74.g6 Rg1+ 75.Kf3 Bc1 76.f5 Bxb2 77.Bxb2 Kxb2
78.Rb5+ Kc3 79.Ke4 Rg4+ 80.Ke5 Kd3 81.Rd5+ Ke3 82.Kf6 Ke4 83.Rc5 Kd4 84.Rc8 c3
85.g7  1-0

[Event "12th Open A"]
[Site "Bosnjaci CRO"]
[Date "2006.01.08"]
[Round "9"]
[White "Iveljic,I"]
[Black "Martinovic,Sa"]
[Result "0-1"]
[WhiteElo "2221"]
[BlackElo "2182"]

1.e4 d5 2.exd5 Qxd5 3.Nc3 Qd6 4.d4 g6 5.Nf3 Bg7 6.Be2 a6 7.O-O Nf6 8.Ne5 O-O
9.Be3 Nc6 10.Nc4 Qd8 11.Bf3 Nb4 12.d5 Bf5 13.Rc1 c6 14.dxc6 bxc6 15.Bc5 Nbd5
16.Nxd5 Nxd5 17.c3 Rb8 18.Re1 Re8 19.Bd4 Bh6 20.Ra1 f6 21.Qa4 e5 22.Qxc6 Ne7
23.Qxf6 Bg7 24.Qxa6 exd4 25.Nd6 Bd3 26.Qxd3 Qxd6 27.cxd4 Rxb2 28.Rad1 Kh8
29.a4 Reb8 30.a5 Nf5 31.a6 Bxd4 32.Bb7 Bxf2+ 33.Kh1 Qxd3 34.Rxd3 Bxe1 35.g4 Nh4  0-1

[Event "Winter Cup"]
[Site "Bucharest ROM"]
[Date "2006.01.14"]
[Round "1"]
[White "Murariu,A"]
[Black "Ardelean,G"]
[Result "1/2-1/2"]
[WhiteElo "2441"]
[BlackElo "2442"]

1.e4 d5 2.exd5 Qxd5 3.Nc3 Qd6 4.d4 c6 5.Nf3 Nf6 6.g3 Bf5 7.Bg2 e6 8.O-O h6
9.a3 Be7 10.Qe2 O-O 11.Bf4 Qd8 12.Rad1 Nbd7 13.Ne5 Nd5 14.Nxd5 exd5 15.c4 dxc4
16.Nxc4 Nf6 17.Ne3 Be6 18.d5 Nxd5 19.Nxd5 Bxd5 20.Bxd5 cxd5 21.Qb5 d4 22.Be5 b6
23.Bxd4 Qc8 24.Rfe1 Re8 25.Re5 Bf8 26.Rd5 Qg4 27.Be3 Qf3 28.Qd3 Re7 29.Bf4 Qg4
30.Kg2 Rae8 31.Rd8 Qe6 32.Qf3 g5 33.Be3 Bg7 34.b4 Rxd8 35.Rxd8+ Kh7 36.Bd4 Bxd4
37.Rxd4 Kg7 38.h4 Rc7 39.hxg5 hxg5 40.Rd5 f6 41.Qd3 Qc6 42.b5 Qb7 43.Kh2 Qc8
44.Qd4 Kg6 45.Qe4+ Kg7 46.Rd6 Qf8 47.Qd5 Qf7 48.Qd4 Re7 49.a4 Re1 50.g4 Re6
51.Rxe6  1/2-1/2

[Event "TCh-FIN 2005-6"]
[Site "Helsinki FIN"]
[Date "2006.01.14"]
[Round "6"]
[White "Luukkonen,T"]
[Black "Parkkinen,J"]
[Result "0-1"]
[WhiteElo "2230"]
[BlackElo "2205"]

1.e4 d5 2.exd5 Qxd5 3.Nc3 Qd6 4.d4 Nf6 5.Nf3 c6 6.g3 Bg4 7.Bg2 e6 8.Bf4 Qd8
9.h3 Bxf3 10.Qxf3 Bd6 11.Be5 O-O 12.O-O-O Qe7 13.Qe2 Nbd7 14.Bxd6 Qxd6 15.f4 Nb6
16.h4 Nbd5 17.Ne4 Nxe4 18.Bxe4 Rfd8 19.c4 Nf6 20.Bf3 Rac8 21.Kb1 b5 22.cxb5 cxb5
23.Qxb5 Rb8 24.Qc5 Qa6 25.d5 exd5 26.Bxd5 Rxd5 27.Rxd5 Qb7 28.b3 Qxd5 29.Rc1 Qxc5
30.Rxc5 Ne4 31.Rc7 a5 32.Kc2 f5 33.Ra7 Rb5 34.Kd3 Nxg3 35.Kc4 Rb4+ 36.Kd5 Rxf4
37.Rxa5 Re4 38.Ra4 Re8 39.Rf4 Rf8 40.b4 h6 41.b5 g5 42.hxg5 hxg5 43.Rf2 f4
44.b6 f3 45.a4 g4 46.a5 Nh1 47.Rf1 g3 48.b7 f2 49.a6 g2 50.Rxf2 Rd8+  0-1

[Event "Classic"]
[Site "Queenstown NZL"]
[Date "2006.01.16"]
[Round "2"]
[White "Lane,G"]
[Black "Dragicevic,Do"]
[Result "1-0"]
[WhiteElo "2445"]
[BlackElo "2135"]

1.e4 d5 2.exd5 Qxd5 3.Nc3 Qd6 4.d4 Nf6 5.Nf3 a6 6.g3 Bg4 7.Bg2 Nc6 8.Be3 O-O-O
9.h3 Bh5 10.Qe2 e6 11.O-O Be7 12.a3 Nd5 13.Ne4 Qd7 14.c4 Nxe3 15.fxe3 f5
16.Nc3 Bf6 17.Rfd1 Qf7 18.b4 e5 19.b5 axb5 20.cxb5 Nxd4 21.exd4 exd4 22.Na4 d3
23.Qe3 Bxa1 24.Rxa1 Rhe8 25.Qa7 Qd5 26.Nc5 b6 27.Qa6+ Kb8 28.Ne5  1-0

[Event "Winter Cup"]
[Site "Bucharest ROM"]
[Date "2006.01.17"]
[Round "4"]
[White "Osman,Mi"]
[Black "Ardelean,G"]
[Result "0-1"]
[WhiteElo "2161"]
[BlackElo "2442"]

1.e4 d5 2.exd5 Qxd5 3.Nc3 Qd8 4.d4 Nf6 5.Bg5 c6 6.Bc4 Bf5 7.Bxf6 gxf6 8.Nge2 e6
9.Ng3 Bg6 10.h4 h6 11.h5 Bh7 12.Qd2 Nd7 13.O-O-O Nb6 14.Bd3 Bxd3 15.Qxd3 Qc7
16.Qf3 Be7 17.Nge2 f5 18.Rhg1 Nc4 19.Qd3 Nd6 20.Kb1 Rg8 21.g3 O-O-O 22.Qf3 Rg4
23.Rd3 Nc4 24.b3 Nd6 25.Rgd1 Kb8 26.Nf4 Bf6 27.Ng2 Rg5 28.Ne3 Bg7 29.Ng2 Rd7
30.Qe2 Bf6 31.Ne1 Rg4 32.f4 Rd8 33.Qe3 Rdg8 34.Qf2 b5 35.a3 a5 36.b4 Kb7
37.Ne2 Ne4 38.Qe3 axb4 39.axb4 Qd6 40.Nc1 Rxg3 41.Nf3 Qxb4+ 42.Rb3 Qc4 43.Nd3 Rg2
44.Nde1 Re2 45.Qd3 Qxd3 46.Nxd3 Rg3 47.Nc5+ Nxc5 48.dxc5 Rf2 49.Ne5 Rxb3+
50.cxb3 Bxe5 51.fxe5 Kc8 52.Rg1 Kd7 53.Rg7 Ke7 54.Rg8 Re2 55.Rc8 f4 56.Rc7+ Kf8
57.Kc1 f3  0-1

[Event "Classic"]
[Site "Queenstown NZL"]
[Date "2006.01.18"]
[Round "4"]
[White "Nokes,R"]
[Black "Sermek,D"]
[Result "1/2-1/2"]
[WhiteElo "2330"]
[BlackElo "2526"]

1.e4 d5 2.exd5 Qxd5 3.Nc3 Qd6 4.d4 Nf6 5.Nf3 a6 6.g3 Bg4 7.Bg2 e6 8.O-O Be7
9.h3 Bxf3 10.Bxf3 c6 11.Ne4 Nxe4 12.Bxe4 Nd7 13.Bf4 Qb4 14.Qd2 Qxd2 15.Bxd2 Nf6
16.Bg2 O-O-O 17.c3 Nd5 18.Rad1 Bf6 19.Rfe1 Rd7 20.h4 h6 21.h5 Rhd8 22.Bc1 Nb6
23.Bf3 Na4 24.Be4 c5 25.Bc2 b5 26.dxc5 Nxc5 27.Rxd7 Rxd7 28.Kf1 Nd3 29.Bxd3 Rxd3
30.g4 Kc7  1/2-1/2

[Event "2nd Bundesliga West 2005-6"]
[Site "Austria AUT"]
[Date "2006.01.22"]
[Round "8"]
[White "Hugentobler,P"]
[Black "Besner,B"]
[Result "1/2-1/2"]
[WhiteElo "2253"]
[BlackElo "2114"]

1.e4 d5 2.exd5 Qxd5 3.Nc3 Qd6 4.d4 Nf6 5.Nb5 Qd8 6.c4 c6 7.Nc3 Bg4 8.f3 Bf5
9.Be3 e6 10.Qd2 Bd6 11.g4 Bg6 12.O-O-O Qa5 13.h4 h5 14.g5 Nfd7 15.Bd3 Bxd3
16.Qxd3 Na6 17.Kb1 O-O-O 18.Nge2 Bb4 19.Qe4 Nb6 20.d5 cxd5 21.cxd5 Nxd5 22.Nxd5 Rxd5
23.Rxd5 Qxd5 24.Qxd5 exd5 25.Bxa7 Re8 26.Rh2 Bd6 27.Rg2 Nb4 28.Bd4 Be5 29.b3 Bxd4
30.Nxd4 Re1+ 31.Kb2 Rh1 32.Nf5 d4 33.Rd2 Nc6 34.Nxd4 Rxh4 35.Nf5 Rf4 36.Nxg7 h4
37.Rh2 Ne5 38.Nh5 Rxf3 39.Rxh4 Rf5 40.Nf6 Rxg5 41.Re4  1/2-1/2

[Event "Classic"]
[Site "Queenstown NZL"]
[Date "2006.01.22"]
[Round "8"]
[White "Humphrey,J"]
[Black "Dragicevic,Do"]
[Result "1/2-1/2"]
[WhiteElo "2254"]
[BlackElo "2135"]

1.e4 d5 2.exd5 Qxd5 3.Nc3 Qd6 4.d4 Nf6 5.Nf3 a6 6.g3 Bg4 7.Bg2 Nc6 8.O-O O-O-O
9.h3 Bh5 10.Bf4 Qb4 11.a3 Qxb2 12.Na4 Bxf3 13.Qxf3 Qxd4 14.Nc3 e5 15.Rfd1 Qc5
16.Rxd8+ Nxd8 17.Bg5 Be7 18.Rb1 h6 19.Bxf6 gxf6 20.Qf5+ Kb8 21.Nd5 Qd6 22.Qg4 c6
23.Qg7 Re8 24.Nxe7 Rxe7 25.Qxh6 Rd7 26.h4 Qxa3 27.Qxf6 Qd6 28.Qf5 f6 29.Bf3 Qe7
30.h5 Ka8 31.Bg4 Rc7 32.h6 Qf8 33.Rd1 Nf7 34.h7 Ng5 35.Rd7 Rxd7 36.Qxd7 a5
37.Qc7 Nxh7 38.Qxh7 a4 39.Qe4 a3 40.Qc4 Qd6  1/2-1/2

[Event "Corus C"]
[Site "Wijk aan Zee NED"]
[Date "2006.01.22"]
[Round "8"]
[White "Jonkman,H"]
[Black "Marcelin,C"]
[Result "1/2-1/2"]
[WhiteElo "2470"]
[BlackElo "2441"]

1.e4 d5 2.exd5 Qxd5 3.Nc3 Qd6 4.d4 g6 5.Nb5 Qb6 6.Bf4 Na6 7.Qe2 Bg7 8.a4 Nf6
9.Nf3 Bg4 10.h3 Bxf3 11.Qxf3 Qe6+ 12.Qe2 Qd7 13.Be5 O-O 14.c3 c6 15.Na3 c5
16.Qb5 cxd4 17.Bxd4 Qe6+ 18.Be2 Nc7 19.Qc4 Ncd5 20.Bxf6 Bxf6 21.Rd1 Rfd8
22.O-O Rac8 23.Bg4 Rxc4 24.Bxe6 Rc5 25.b4 Rxc3 26.Bxd5 e6 27.Nb5 exd5 28.Nxc3 Bxc3
29.b5 d4 30.f4 Kf8 31.f5 Rc8 32.Rf4 Rc4 33.f6 Rxa4 34.Re4 Rb4 35.Re7 Rxb5
36.Rc7 Ke8 37.Re7+ Kf8 38.Rc7 Ke8 39.Re7+ Kf8 40.Rc7  1/2-1/2

[Event "Winter Cup"]
[Site "Bucharest ROM"]
[Date "2006.01.23"]
[Round "10"]
[White "Peptan,C"]
[Black "Ardelean,G"]
[Result "1/2-1/2"]
[WhiteElo "2404"]
[BlackElo "2442"]

1.e4 d5 2.exd5 Qxd5 3.Nc3 Qd6 4.d4 c6 5.g3 Nf6 6.Bg2 Bf5 7.Nge2 e6 8.O-O Be7
9.h3 h5 10.a3 a5 11.Be3 Qd8 12.Nf4 Nbd7 13.Qe2 a4 14.Rad1 Qa5 15.Rfe1 Kf8
16.Na2 Qa6 17.Qxa6 Rxa6 18.c4 Bd6 19.Nc3 Bc2 20.Rd2 Bb3 21.Bf1 Ra5 22.d5 cxd5
23.cxd5 exd5 24.Bg2 Ne5 25.Ncxd5 Nxd5 26.Nxd5 Nc4 27.Rde2 Nxe3 28.Rxe3 g6
29.Nc3 b6 30.Bc6 Kg7 31.Re8 Rxe8 32.Bxe8 Be5 33.Re3 Bxc3 34.Rxc3 Rd5 35.Rc1 Rd2
36.Rb1 Kf8 37.Bb5 Bc2 38.Rc1 Bb3 39.Rb1 h4 40.gxh4 Rd4 41.h5 gxh5 42.Re1 h4
43.Bc6 Rd6 44.Bf3 Rd3 45.Kg2 Kg7 46.Re4 Rd2 47.Re2 Rd4 48.Re4 Rd2 49.Re2 Rd4
50.Re4 Rd2  1/2-1/2

[Event "Winter Open"]
[Site "Belgrade SCG"]
[Date "2006.01.24"]
[Round "4"]
[White "Cicmil,V"]
[Black "Kosovac,M"]
[Result "1-0"]
[WhiteElo "2177"]
[BlackElo "2075"]

1.e4 d5 2.exd5 Qxd5 3.Nc3 Qd8 4.Nf3 Nf6 5.Bc4 c6 6.d4 Bf5 7.Ne5 e6 8.g4 Be4
9.Nxe4 Nxe4 10.Qe2 Nd6 11.Bb3 Be7 12.Be3 a5 13.c3 a4 14.Bc2 a3 15.b4 Nd7
16.c4 Bf6 17.f4 Bh4+ 18.Kf1 O-O 19.c5 Nb5 20.Nf3 Be7 21.Qd3 g6 22.g5 Nc7
23.h4 Nd5 24.Bd2 Re8 25.h5 Bf8 26.Re1 Ne7 27.hxg6 hxg6 28.Nh2 Bg7 29.Be3 Nd5
30.Bd2 Qc7 31.Qe4 b6 32.Ng4 Nb8 33.Re2 Na6 34.Reh2 Qe7 35.Rh4 f5 36.gxf6 Nxf6
37.Qxg6 Nxg4 38.Rh8+  1-0

[Event "Gibtelecom Masters"]
[Site "Gibraltar ENG"]
[Date "2006.01.24"]
[Round "1"]
[White "Elamri,L"]
[Black "Goodger,M"]
[Result "0-1"]
[WhiteElo "1921"]
[BlackElo "2135"]

1.e4 d5 2.exd5 Qxd5 3.Nc3 Qd6 4.d4 Nf6 5.Nf3 a6 6.Be2 Nc6 7.O-O Bf5 8.h3 O-O-O
9.Be3 h6 10.a3 g5 11.Bd3 Bxd3 12.Qxd3 e6 13.Rad1 Bg7 14.Ne2 Nh5 15.g3 f5
16.Kg2 Rhg8 17.c3 Ne7 18.Qc2 Qc6 19.g4 fxg4 20.hxg4 Nf6 21.Kg3 h5 22.Nxg5 Nxg4
23.Qe4 Nf5+ 24.Kh3 Qxe4 25.Nxe4 Nfxe3 26.fxe3 Nxe3 27.Nf4 Nxd1 28.Rxd1 Rdf8
29.Nxe6 Rf3+ 30.Kh2 Re3 31.Nxg7 Rxg7 32.Nc5 b6 33.Nxa6 Re2+ 34.Kh1 Rxb2 35.Nb4 Rb3
36.Nd5 Rxa3 37.Rc1 h4 38.Kh2 Rg3 39.Ne7+ Kd7 40.Nf5 Rgxc3 41.Rxc3 Rxc3 42.Nxh4 b5
43.Kg2 b4  0-1

[Event "Gibtelecom Masters"]
[Site "Gibraltar ENG"]
[Date "2006.01.26"]
[Round "3"]
[White "Fellousi,A"]
[Black "Welling,G"]
[Result "1/2-1/2"]
[WhiteElo "2132"]
[BlackElo "2405"]

1.e4 d5 2.exd5 Qxd5 3.Nc3 Qd6 4.d4 Nf6 5.Bd3 Nc6 6.Nge2 Bg4 7.f3 Bh5 8.Bf4 Qd7
9.Ne4 e6 10.c3 Bg6 11.Qb3 Nxe4 12.Bxe4 O-O-O 13.O-O Bd6 14.Qa4 Bxf4 15.Nxf4 Bxe4
16.fxe4 a6 17.Nd3 Rdf8 18.b4 Ne5 19.Qxd7+ Nxd7 20.e5 f6 21.exf6 gxf6 22.Rae1 Re8
23.Rf3 Re7 24.Nf4 Rhe8 25.Nh5 Rf8 26.Ref1 Ref7 27.Re3 Re8 28.Ref3 Ref8 29.Re3 Re8
30.Ref3 Ref8  1/2-1/2

[Event "Bundesliga 2005-6"]
[Site "Zehlendorf GER"]
[Date "2006.01.27"]
[Round "7"]
[White "Vogt,L"]
[Black "Richter,Mic"]
[Result "1-0"]
[WhiteElo "2475"]
[BlackElo "2407"]

1.e4 d5 2.exd5 Qxd5 3.Nc3 Qd6 4.d4 Nf6 5.Bd3 a6 6.Nge2 Nc6 7.Bf4 Qd8 8.Ne4 Nxe4
9.Bxe4 e6 10.c3 Bd6 11.Qd3 Bd7 12.Qg3 O-O 13.Bxd6 cxd6 14.Qxd6 f5 15.Bf3 Rf6
16.O-O Kh8 17.Bxc6 Bxc6 18.Qxd8+ Rxd8 19.Nf4 g5 20.Nd3 Bb5 21.Rfd1 Bxd3 22.Rxd3 e5
23.Rad1 e4 24.Re3 Kg7 25.g4 Rdf8 26.gxf5 Rxf5 27.Rd2 Rf4 28.Rde2 Rg4+ 29.Rg3 Rff4
30.h3 Rxg3+ 31.fxg3 Rf3 32.Kg2 Rd3 33.Rxe4 Rd2+ 34.Kf3 Rxb2 35.Re2 Rb1 36.Ke4 Rc1
37.Re3 Kf6 38.Kd5 Rc2 39.a4 Ra2 40.g4 Rxa4 41.Re6+ Kf7 42.Rb6 Ra5+  1-0

[Event "11th HIT Open A"]
[Site "Nova Gorica SLO"]
[Date "2006.01.28"]
[Round "3"]
[White "Jeric,S"]
[Black "Martinovic,Sa"]
[Result "1/2-1/2"]
[WhiteElo "2328"]
[BlackElo "2260"]

1.e4 d5 2.exd5 Qxd5 3.Nc3 Qd6 4.d4 g6 5.Bd3 Bg7 6.Nge2 Nf6 7.Bf4 Qd8 8.Qd2 O-O
9.Bh6 Nc6 10.Bxg7 Kxg7 11.Bb5 Nb4 12.O-O a6 13.Bc4 b5 14.Bb3 c5 15.a3 Nc6
16.Rad1 c4 17.Ba2 e6 18.Ng3 Bb7 19.Rfe1 Ne7 20.Bb1 Ra7 21.Nce2 Ned5 22.c3 Qd6
23.f3 Ne7 24.Nf4 Rd8 25.Nh3 Ba8 26.Ne4 Bxe4 27.Bxe4 Rad7 28.Bc2 e5 29.Qf2 exd4
30.Rxd4 Qb6 31.Rxd7 Qxf2+ 32.Kxf2 Rxd7 33.Rd1 Rxd1 34.Bxd1 Ned5 35.g4 Nd7
36.Bc2 Nc5 37.Ke2 Kf6 38.f4 h6 39.Kf3 g5 40.fxg5+ hxg5 41.Be4 Nb6 42.Nf2 Ke5
43.Bc2 f6 44.Nd1 Nd5 45.Ne3 Nf4 46.a4 Ncd3 47.axb5 axb5 48.Bxd3 Nxd3 49.Nd1 f5
50.gxf5 Kxf5 51.Ne3+ Kg6 52.Nd1 Kh5 53.Ke3 Kg4 54.b3 Kh3 55.bxc4 bxc4 56.Kd4 Nc1
57.Kxc4 Ne2 58.Kd3 Nxc3  1/2-1/2

[Event "Open"]
[Site "Moscow RUS"]
[Date "2006.01.29"]
[Round "1"]
[White "Timofeev,Vl"]
[Black "Lysyj,I"]
[Result "0-1"]
[WhiteElo "2293"]
[BlackElo "2523"]

1.e4 d5 2.exd5 Qxd5 3.Nc3 Qd6 4.d4 Nf6 5.Nf3 a6 6.Ne5 Nc6 7.Bf4 Nxd4 8.Bc4 Be6
9.Bd3 Qb4 10.Qd2 O-O-O 11.O-O-O g6 12.a3 Qa5 13.Rhe1 Bg7 14.Bh6 Bxh6 15.Qxh6 Ng4
16.Qf4 Nxe5 17.Rxe5 Qb6 18.Re4 Nc6 19.g4 h6 20.Rde1 g5 21.Qg3 h5 22.gxh5 Rxh5
23.Bc4 Bxc4 24.Rxc4 e6 25.h4 Rxh4 26.Rxh4 gxh4 27.Qxh4 Qd4 28.Qxd4 Nxd4 29.Ne4 Rg8
30.c3 Nf5 31.Kd2 b6 32.Ke2 Kd8 33.a4 Ke7 34.a5 bxa5 35.Kd3 Nd6 36.Nc5 Rg5
37.Nxa6 c5 38.b4 axb4 39.cxb4 c4+ 40.Kc3 Rf5 41.Re2 Rf3+ 42.Kd4 Rd3+ 43.Kc5 c3
44.b5 Rd2 45.Re1 Rd5+ 46.Kb4 c2 47.Rc1 Rxb5+ 48.Kc3 Rf5 49.Rxc2 Rxf2  0-1

[Event "Gibtelecom Masters"]
[Site "Gibraltar ENG"]
[Date "2006.01.30"]
[Round "7"]
[White "Baena,A"]
[Black "Goodger,M"]
[Result "1/2-1/2"]
[WhiteElo "2019"]
[BlackElo "2135"]

1.e4 d5 2.exd5 Qxd5 3.Nc3 Qd6 4.Nf3 Nf6 5.d3 a6 6.g3 Nc6 7.Bg2 g6 8.Bf4 Qd8
9.Qd2 Bg7 10.O-O O-O 11.Bh6 Bg4 12.Bxg7 Kxg7 13.Rfe1 Bxf3 14.Bxf3 Nd4 15.Bg2 c6
16.Ne4 Nxe4 17.Rxe4 Nf5 18.Rae1 e6 19.Qb4 Qc7 20.Re5 Kg8 21.g4 Ne7 22.Qd2 Nd5
23.Qh6 Nf6 24.Qh4 Nd7 25.R5e3 Rfe8 26.g5 Qb6 27.b3 Rad8 28.Qg4 Qc5 29.R1e2 Nf8
30.h4 Qd4 31.Qxd4 Rxd4 32.Re4 Red8 33.Rxd4 Rxd4 34.Re4  1/2-1/2

[Event "11th HIT Open A"]
[Site "Nova Gorica SLO"]
[Date "2006.01.30"]
[Round "6"]
[White "Cherin,D"]
[Black "Nikolov,Sas"]
[Result "1-0"]
[WhiteElo "2301"]
[BlackElo "2381"]

1.e4 d5 2.exd5 Qxd5 3.Nc3 Qd6 4.d4 Nf6 5.Nf3 a6 6.Bd3 Nc6 7.Ne4 Nxe4 8.Bxe4 Bg4
9.c3 O-O-O 10.h3 Bh5 11.Qc2 Bg6 12.Be3 e6 13.O-O-O Qd7 14.h4 Bd6 15.Ne5 Bxe5
16.dxe5 Qe7 17.Rxd8+ Rxd8 18.h5 Bxe4 19.Qxe4 f5 20.exf6 gxf6 21.g4 Qf7 22.f3 f5
23.Qf4 Qd7 24.Re1 Qd5 25.Bf2 Qxa2 26.gxf5 e5 27.Qh6 Qa1+ 28.Kc2 Qa4+ 29.Kb1 Rd6
30.Qf8+ Nd8 31.Bc5 Rd2 32.Ba3 b6 33.f6 Kb7 34.Qe7 Nc6 35.Qxh7 Qh4 36.Qe4 Qxf6
37.Rh1 Qh6 38.Qg6 Qf4 39.Qe4 Qg3 40.h6 Qg2 41.Qh4 Na5 42.Qe4+ Ka7 43.Re1 Rd7
44.Qxe5 Qg6+ 45.Ka2 Qxh6 46.Qe6 Qh7 47.f4 Rf7 48.Re4 Qg7 49.Be7 Kb8 50.f5 Nb7
51.f6 Qg8 52.Rg4 Qe8 53.Qd5 Ka7 54.Re4 Rh7 55.Ba3 Qg6 56.Re7 Rh5 57.Qc6 Qf5
58.Rxc7  1-0

[Event "ch-Serbia"]
[Site "Vrnjacka Banja SCG"]
[Date "2006.01.30"]
[Round "1"]
[White "Keserovic,M"]
[Black "Lajthajm,B"]
[Result "0-1"]
[WhiteElo "2225"]
[BlackElo "2464"]

1.e4 d5 2.exd5 Qxd5 3.Nc3 Qd6 4.d4 Nf6 5.Bc4 a6 6.Nf3 b5 7.Bb3 Bb7 8.O-O e6
9.Re1 c5 10.Bxe6 fxe6 11.Ng5 Be7 12.Nxe6 Kf7 13.dxc5 Qc6  0-1

[Event "TCh-FRA Top 16 Gp A"]
[Site "Clichy FRA"]
[Date "2006.02.03"]
[Round "1"]
[White "Calistri,T"]
[Black "Chabanon,JL"]
[Result "1/2-1/2"]
[WhiteElo "2382"]
[BlackElo "2411"]

1.e4 d5 2.exd5 Qxd5 3.Nc3 Qd6 4.d4 Nf6 5.Nf3 Bg4 6.h3 Bh5 7.g3 a6 8.Bg2 Nc6
9.d5 Nb4 10.Bf4 Qc5 11.Be3 Qa5 12.O-O Nbxd5 13.Nxd5 Nxd5 14.Bd2 Qa4 15.b3 Qd7
16.g4 Bg6 17.c4 Nf6 18.Ne5 Qc8 19.g5 Nd7 20.Nxd7 Kxd7 21.Qf3 c6 22.Rad1 Ke8
23.Ba5 e6 24.Rd8+ Qxd8 25.Bxd8 Rxd8 26.Rd1 Bd6 27.b4 Ke7 28.b5 axb5 29.cxb5 cxb5
30.Qxb7+ Rd7 31.Qxb5 Rb8 32.Qa6 Rbd8 33.Bf3 Bf5 34.Kg2 h6 35.Bc6 Rc7 36.Qb6 Be5
37.Qc5+ Bd6 38.Qb6 Be5 39.Qc5+ Bd6 40.Qb6 Be5  1/2-1/2

[Event "ch-GER"]
[Site "Osterburg GER"]
[Date "2006.02.03"]
[Round "1"]
[White "Sprenger,J"]
[Black "Schunk,T1"]
[Result "1/2-1/2"]
[WhiteElo "2505"]
[BlackElo "2315"]

1.e4 d5 2.exd5 Qxd5 3.Nc3 Qd8 4.d4 Nf6 5.Bg5 c6 6.Qd2 Bf5 7.O-O-O e6 8.Nge2 h6
9.Bxf6 Qxf6 10.Ng3 Bb4 11.a3 Bxc3 12.Qxc3 O-O 13.Nxf5 exf5 14.Qb3 Nd7 15.Qxb7 Rfd8
16.g3 Rab8 17.Qxa7 c5 18.Bg2 Nb6 19.dxc5 Nd5 20.c3 Rxb2 21.Kxb2 Qxc3+ 22.Kb1 Qb3+  1/2-1/2